[Event "DEN-ch"]
[Site "Horsens"]
[Date "2003.04.14"]
[Round "3"]
[White "Mortensen, Erling"]
[Black "Hansen, Sune Berg"]
[Result "1-0"]
[WhiteElo "2453"]
[BlackElo "2537"]
[Annotator "Mortensen,E"]
[PlyCount "65"]
[EventDate "2003.04.12"]
[EventType "tourn"]
[EventRounds "9"]
[EventCountry "DEN"]
[EventCategory "10"]
[Source "ChessBase"]
[SourceDate "2003.07.25"]

1. e4 c5 2. Nf3 d6 3. d4 cxd4 4. Nxd4 Nf6 5. Nc3 a6 6. Be2 e6 7. O-O Be7 8. f4
Qc7 9. Be3 O-O 10. g4 h6 $6 (10... d5 11. e5 (11. exd5 Nxd5 12. Nxd5 exd5 13.
Bf3 Rd8 14. Qd2 Nc6 15. Rae1 $14 {1-0 Parma,B-Eising,J/Solingen 1968/EXT 2001 
(43)}) 11... Ne4 12. Nxe4 dxe4 13. g5 Nc6 14. c3 Bc5 (14... b5 $5) 15. Qc2 $14
{1/2-1/2 Bologan,V-Novikov,I/New York 1993/TD (46)}) 11. h4 $5 $146 {The idea
of this risky move is to be able to capture back on g5 with the h-pawn not
giving black the square e5. Also an open h-file would promise attacking
chances. Because of the slow black development there is no immediate danger to
the white king, but the lack of pawn cover might prove fatal should white not
conduct the attack precisely Ftacnik: 'After this daring move there are no
more defenders around the white king.'} (11. g5 hxg5 12. fxg5 Ne8 13. g6 (13.
Bd3 $5 $14) 13... Nf6 14. Bh5 fxg6 15. Bxg6 Nc6 16. Nxc6 Qxc6 17. e5 $5 dxe5
18. Ne4 Nxe4 19. Rxf8+ Kxf8 20. Qh5 Bf6 $2 (20... Bc5 21. Qh8+ Ke7 22. Qxg7+
Kd8 23. Qh8+ Ke7 $11) 21. Rd1 Ke7 22. Bxe4 Qc7 23. b4 {1-0 Jansa - Kinnmark
1967}) 11... d5 (11... e5 12. Nf5 Bxf5 13. exf5 exf4 14. Rxf4 $16 {with g4-g5
coming}) 12. e5 (12. exd5 Nxd5 13. Nxd5 exd5 14. h5 Re8 15. Qd2 Nd7 $15) 12...
Ne4 13. Nxe4 dxe4 14. g5 {Compared to the game Bologan-Novikov with 9...d5 it
is clear that 10...h6 created a serious weakness of the black king position}
Bc5 ({Opening the h-file with} 14... hxg5 15. hxg5 {looks very dangerous} Nc6
16. c3 Rd8 17. Qb1 Nxd4 18. cxd4 b5 $14) 15. c3 $6 ({Too slow.} 15. gxh6 gxh6
16. Kh1 $1 {was probably the right way. Black is in trouble:} Rd8 (16... Qe7
17. Rg1+ Kh8 18. Qe1 $16) 17. Rg1+ Kh8 18. Bc4 Bxd4 19. Qg4 f5 (19... Bxe5 20.
fxe5 Qxe5 21. Rad1 $18) 20. Qg6 $18) 15... Nc6 16. Qc2 $6 ({It was still not
too late for} 16. gxh6 gxh6 17. Qc2 $16 f5 18. exf6 Qh7 $13) 16... b5 (16...
hxg5 $5 17. hxg5 b5 18. Qxe4 Bb7 $14) 17. gxh6 Ne7 {'?!' Ftacnik. Ftacnik:
'Hansen is hoping for some counterplay for his pawns, but this is stretching
it a bit too far.'} (17... gxh6 18. Qxe4 Bb7 (18... Bxd4 19. cxd4 f5 20. Qc2
Bb7 21. Bf3 Rac8 22. Rac1 $16) (18... Bb7 19. Bd3 $1 f5 20. exf6 Rxf6 21. Nxe6
Bxe3+ 22. Qxe3 Qf7 23. f5 $18) 19. Bd3 {'!' Ftacnik.} f5 20. exf6 $18 Rxf6 21.
Nxe6 Bxe3+ 22. Qxe3 Qf7 23. f5 $18) 18. hxg7 Kxg7 19. Bg4 ({I wanted to avoid
something like} 19. Qxe4 Bb7 20. Qd3 Rh8 21. h5 Bxd4 22. cxd4 Nf5 {and the
black pieces reach good squares despite the two pawns deficit. Now I will take
should the knight move to f5.}) 19... Rg8 20. Kh2 Kh8 21. Qe2 $16 Rg7 22. Rg1
Rh7 23. Bh3 (23. h5 $16) 23... Nd5 (23... Rxh4 24. Rg5 (24. Nxb5 $1 axb5 25.
Qxb5 Ng6 26. Qxc5 Qxc5 27. Bxc5 Nxf4 28. Kg3 Nxh3 29. Kxh4 Nxg1 30. Bxg1 $18)
24... Rh7 25. Rh5 Ng6 26. Rxh7+ Kxh7 27. Rg1 Kg7 28. Qg2 $16) 24. Rg4 {'?'
Ftacnik.} (24. Rg5 $1 Nxe3 (24... f6 25. exf6 Nxf6 26. Nxb5 axb5 27. Rxc5 $18)
25. Rag1 Bb7 26. Rh5 Nf1+ 27. Bxf1 $18) 24... Bd7 {'?' Ftacnik. Ftacnik:
'Small comedy of errors, since both players have ignored the chances that
black was offered by the mechanical move 24.Rg4? '} (24... f5 $1 25. Rg5 (25.
exf6 Nxf6 26. Rg6 e5 $13) 25... Nxe3 26. Qxe3 Bb7 27. Rag1 (27. h5 Qf7 28. Qe2
Bd5 $13) 27... Bd5 $13) 25. Rag1 Rf8 26. Rg5 $6 $138 (26. Qg2 Qd8 27. Qxe4 f5
28. exf6 $18) 26... f6 (26... f5 27. Qh5 $1 Be8 (27... Bc8 28. Nxf5 Nxe3 29.
Nh6 Nf1+ 30. Rxf1 $18) 28. Rg8+ Rxg8 29. Rxg8+ Kxg8 30. Qxe8+ Bf8 31. Qxe6+ Qf7
32. Bxf5 Rh6 33. Bc1 $18) 27. Rh5 Bc8 $2 ({Better drawing chances gave} 27...
Be8 28. Rxh7+ Qxh7 29. Qe1 Nxe3 30. Qxe3 fxe5 31. fxe5 Qxh4 32. Rg4 $16) 28.
Nxb5 axb5 29. Bxc5 Rff7 30. Rxh7+ Rxh7 31. Qg4 Qd8 32. exf6 e5 (32... Nxf6 33.
Qg5 Rf7 34. Bd4 $18) 33. Qxc8 1-0

[Event "DEN-ch"]
[Site "Horsens"]
[Date "2003.04.17"]
[Round "6"]
[White "Nielsen, Peter Heine"]
[Black "Hoi, Carsten"]
[Result "1-0"]
[WhiteElo "2625"]
[BlackElo "2406"]
[PlyCount "73"]
[EventDate "2003.04.12"]
[EventType "tourn"]
[EventRounds "9"]
[EventCountry "DEN"]
[EventCategory "10"]
[Source "ChessBase"]
[SourceDate "2003.07.25"]

1. d4 Nf6 2. c4 g6 3. Nf3 Bg7 4. g3 O-O 5. Bg2 d6 6. Nc3 Bg4 7. Qb3 Qc8 8. Ne5
Nc6 9. Nxg4 Nxg4 10. e3 e5 11. d5 Na5 12. Qa4 b6 13. f3 Nf6 14. e4 Nd7 15. O-O
f5 16. Rb1 a6 17. Rd1 Rf7 18. Ne2 Qf8 19. Qc2 Bh6 20. b4 Bxc1 21. Qxc1 Nb7 22.
Nc3 Kh8 23. Bh3 Nd8 24. Kg2 Rf6 25. Qc2 Qf7 26. Rf1 Qf8 27. exf5 gxf5 28. f4 e4
29. Nxe4 fxe4 30. Bxd7 Qe7 31. Bh3 a5 32. a3 axb4 33. axb4 Ra3 34. Rfe1 e3 35.
Rb3 Rxb3 36. Qxb3 Qe4+ 37. Kg1 1-0

[Event "DEN-ch"]
[Site "Horsens"]
[Date "2003.04.19"]
[Round "8"]
[White "Nielsen, Peter Heine"]
[Black "Fries Nielsen, Jens Ove"]
[Result "1-0"]
[WhiteElo "2625"]
[BlackElo "2448"]
[PlyCount "75"]
[EventDate "2003.04.12"]
[EventType "tourn"]
[EventRounds "9"]
[EventCountry "DEN"]
[EventCategory "10"]
[Source "ChessBase"]
[SourceDate "2003.07.25"]

1. d4 Nf6 2. Nf3 e6 3. c4 d5 4. Nc3 b6 5. cxd5 exd5 6. g3 Bb7 7. Bg2 Be7 8. O-O
O-O 9. Bf4 Na6 10. Rc1 c6 11. Ne5 Nh5 12. Be3 Qd6 13. Qa4 b5 14. Qb3 Rad8 15.
Nd3 g5 16. a4 b4 17. Na2 Rb8 18. Qc2 Ng7 19. Bd2 Ne6 20. e3 Ba8 21. b3 f5 22.
Qd1 g4 23. Qe2 Rf6 24. f4 h5 25. Rc2 h4 26. Rfc1 Rh6 27. Ne5 c5 28. Qd3 Rf8 29.
Qb5 hxg3 30. hxg3 c4 31. bxc4 dxc4 32. Bxa8 Rxa8 33. Rxc4 Kg7 34. Rc6 Rah8 35.
Kf1 Rh1+ 36. Ke2 Nxd4+ 37. exd4 Qxd4 38. Rg6+ 1-0

[Event "DEN-ch"]
[Site "Horsens"]
[Date "2003.04.12"]
[Round "1"]
[White "Nielsen, Peter Heine"]
[Black "Hansen, Sune Berg"]
[Result "1-0"]
[WhiteElo "2625"]
[BlackElo "2537"]
[Annotator "Huebner,R"]
[PlyCount "91"]
[EventDate "2003.04.12"]
[EventType "tourn"]
[EventRounds "9"]
[EventCountry "DEN"]
[EventCategory "10"]
[Source "ChessBase"]
[SourceDate "2003.07.25"]

1. d4 d5 2. c4 c6 3. Nf3 Nf6 4. Nc3 a6 5. Ne5 Nbd7 6. Bf4 dxc4 7. Nxc4 b5 8.
Ne5 Bb7 9. e3 e6 10. Be2 c5 11. O-O cxd4 12. exd4 b4 {Dies ist spielbar. Nicht
erfolgreich war Schwarz mit der Fortsetzung} (12... Nb6 13. a4 Nfd5 $6 (13...
b4 $11) 14. Bg3 Nxc3 $6 (14... bxa4 15. Nxa4 Nd7) 15. bxc3 Nd5 16. Qb3 f6 $2
17. Bxb5+ Ke7 18. Qa3+ {1-0 Ribli,Z-Zaja,I/AUT 2002/CBM 90 ext (18).}) (12...
Bb4 {ist bisher blich gewesen:} 13. a4 Bxc3 14. bxc3 Nd5 15. Bd2 Nxe5 16.
dxe5 O-O 17. axb5 axb5 18. Qb3 Rb8 (18... Nc7 19. Be3 Qd5 20. Qxd5 Nxd5 21. Bd2
Bc6 22. Rfb1 Nb6 23. h3 Nc4 24. Bxc4 bxc4 {1/2-1/2 Jurka,M-Velicka,P/CZE 2001/
EXT 2003 (24).}) 19. c4 bxc4 20. Qxc4 Ba8 $11 {1/2-1/2 Xu Jun-Zagrebelny,S/
Istanbul 2000/EXT 2001 (58). (57)}) 13. Na4 Be7 14. Rc1 Rc8 (14... Nd5 {
sieht einfacher aus.}) (14... Nxe5 15. Bxe5 O-O {ist ebenfalls gut genug.}) 15.
Nxd7 Nxd7 16. Rxc8 Qxc8 17. Qd3 O-O ({Die Fortsetzung} 17... Qc6 18. Bf3 Qxa4
19. Bxb7 Qxa2 20. Bc6) 18. Rc1 Qa8 19. Rc7 Rd8 ({Einfacher fhrt} 19... Bc6
20. Qc2 Rc8 21. Rxc8+ Qxc8 22. Bd3 Nf6 {zum Ausgleich.}) 20. Qg3 Bf6 $6 ({Mit} 
20... Be4 {drfte Schwarz das Gleichgewicht wahren knnen, zum Beispiel} 21.
Nc5 Qd5 22. Nb7 Rb8 23. Bh6 Bf8 24. Bxg7 Rxb7 25. Bc4 Qh5 26. Bxf8+ Kxf8 27.
Qd6+ Kg7 28. Rxb7 Bxb7 29. Qxd7 Qd1+ 30. Bf1 Bd5) 21. Bg5 Bxg5 22. Qxg5 Nf6 23.
Nc5 Bd5 24. Nxa6 h6 25. Qg3 Bxa2 26. Nxb4 Qe4 $2 (26... Nd5 27. Nxd5 Bxd5 28.
Qf4 Rf8 {bietet bessere Rettungsaussichten.}) (26... Bd5 $5 {ist jedoch wohl
die beste Fortsetzung:} 27. Bf1 Qa5 {,und Wei hat kaum etwas Besseres als}
28. Nxd5 {wonach Schwarz gute berlebensaussichten hat.}) 27. Bf1 Bd5 (27...
Nd5 {ist nicht strker:} 28. Nxa2 (28. Rd7 Ra8 29. Nxa2 Rxa2 30. Qb8+ Kh7 31.
Rxf7 Ra1 ({Auf} 31... Qxd4 {folgt} 32. Qe8 {mit der Drohung 33.Tf8.}) 32. Qe5 {
gengt auch zum Gewinn.}) 28... Nxc7 29. Qxc7 Qxd4 30. b4 {, und dieser Bauer
ist allzu hurtig.}) 28. Qc3 g6 29. Nd3 Ra8 30. Rc8+ Kg7 31. Rxa8 Bxa8 32. b4
Qb7 33. Nc5 Qa7 34. b5 Nd5 35. Qg3 Kh7 36. Qe5 Nc3 ({Auf} 36... Qb6 {folgt} 37.
h4 {Schwarz kann die Stellung nicht halten.}) 37. Qf6 Qa1 $2 ({Freilich ist
die Folge} 37... Nd5 38. Qd8 Kg7 39. Nd7 Qa3 40. h3 {auf die Dauer ebenfalls
hoffnungslos fr Schwarz.}) 38. Qxf7+ $18 Kh8 39. Qe8+ Kh7 40. Qe7+ Kh8 41.
Qxe6 Be4 42. Qc4 Bf5 (42... Bd5 43. Qd3 $18) 43. b6 Bg4 44. b7 Qxf1+ (44...
Ne2+ 45. Qxe2 Bxe2 46. b8=Q+ Kh7 47. Qc7+ Kg8 48. Qd8+ Kf7 49. Qd7+ Kg8 50.
Qe8+ Kh7 51. Qxe2 $18) 45. Qxf1 Ne2+ 46. Kh1 1-0

[Event "DEN-ch"]
[Site "Horsens"]
[Date "2003.04.15"]
[Round "4"]
[White "Nielsen, Peter Heine"]
[Black "Rasmussen, Karsten"]
[Result "1/2-1/2"]
[WhiteElo "2625"]
[BlackElo "2423"]
[PlyCount "37"]
[EventDate "2003.04.12"]
[EventType "tourn"]
[EventRounds "9"]
[EventCountry "DEN"]
[EventCategory "10"]
[Source "ChessBase"]
[SourceDate "2003.07.25"]

1. Nf3 d5 2. d4 Nf6 3. c4 e6 4. g3 dxc4 5. Bg2 Nc6 6. Qa4 Bb4+ 7. Bd2 Bd6 8.
Ne5 Bxe5 9. Bxc6+ bxc6 10. dxe5 Nd7 11. f4 Nb6 12. Qc2 Qd4 13. Nc3 O-O 14. Ne4
Nd5 15. O-O-O Rb8 16. Rhe1 h6 17. e3 Qb6 18. a3 c5 19. Nc3 1/2-1/2

[Event "DEN-ch"]
[Site "Horsens"]
[Date "2003.04.13"]
[Round "2"]
[White "Nielsen, Peter Heine"]
[Black "Mortensen, Erling"]
[Result "1-0"]
[WhiteElo "2625"]
[BlackElo "2453"]
[Annotator "Tsesarsky"]
[PlyCount "59"]
[EventDate "2003.04.12"]
[EventType "tourn"]
[EventRounds "9"]
[EventCountry "DEN"]
[EventCategory "10"]
[Source "ChessBase"]
[SourceDate "2003.07.25"]

1. d4 Nf6 2. Nf3 g6 3. c4 Bg7 4. Nc3 O-O 5. e4 d6 6. h3 e5 7. d5 a5 8. Bg5 Na6
9. Nd2 Qe8 10. g4 ({Another mainline is:} 10. Be2 {-Krasenkow's favorite move.}
c6 (10... h6 11. Be3 Nd7 12. g4 Ndc5 13. Rg1 Kh8 14. Nf1 f5 15. gxf5 gxf5 16.
exf5 Bxf5 17. Qd2 e4 18. Bxh6 $16 {1/2-1/2 Bewersdorff,O-Kersten,U/Germany
1993/GER-chT2 (44)}) (10... Nd7 11. a3 f6 12. Bh4 Bh6 13. b4 Bg5 14. Bxg5 fxg5
15. c5 dxc5 16. bxa5 Nf6 17. Nc4 $16 {1-0 Krasenkow,M-Zakharevich,I/St
Petersburg 1994/CBM 41 (25)}) (10... Kh8 11. h4 Ng8 (11... h6 12. Be3 Nc5 13.
g4 Bxg4 14. Bxg4 Nd3+ 15. Ke2 Nxb2 16. Qb3 Nxg4 17. Qxb2 $16 {0-1 Rahman,
Z-Thipsay,P/Calcutta 1997/CBM 56 ext (46)}) 12. h5 f5 13. Bf3 Bf6 14. Bxf6+
Nxf6 15. hxg6 Qxg6 16. Qe2 Nc5 17. O-O-O $14 {1-0 Krasenkow,M-Kozul,Z/Leon
2001/CBM 86 (33)}) 11. h4 Bd7 12. h5 cxd5 13. Bxf6 Bxf6 14. Nxd5 Bg5 15. Nb6
Rd8 16. Nf3 Be7 17. Qd2 $16 {0-1 Krasenkow,M-Kupreichik,V/Passau 1993/EXT 2001
(38)}) 10... Nd7 (10... Kh8 11. Be2 (11. Bd3 c6 12. a3 Bd7 13. Qf3 Ng8 14. Be3
Nc5 15. Bc2 f5 16. gxf5 gxf5 17. Qe2 Nf6 18. O-O-O cxd5 19. Bxc5 dxc5 20. Nxd5
Nxd5 21. cxd5 b5 $132 {1/2-1/2 Kosiorek,M-Grabarczyk,B/Warsaw 1998/EXT 2000 
(33)}) 11... Ng8 {1/2-1/2 Lazarev,V-Sturua,Z/Cappelle la Grande 1996/CBM 51
ext (11)} 12. a3 (12. h4 f5 13. f3 h6 14. Be3 Nf6 15. exf5 gxf5 16. gxf5 Bxf5
17. Nde4 Nh5 18. Qd2 Nf4 19. O-O-O $14 {0-1 Poluljahov,A-Zulfugarli,M/
Bydgoszcz 1999/EXT 2000 (30)}) 12... Bd7 13. h4 f6 14. Be3 f5 15. gxf5 gxf5 16.
exf5 e4 17. Ndxe4 Bxf5 18. Ng3 $16 {1-0 Kolev,A-Yoos,J/Istanbul 2000/EXT 2001 
(45)}) (10... Nc5 11. Rg1 c6 12. Qf3 Nfd7 13. O-O-O h6 14. Be3 Nb6 15. h4 Nba4
16. Ndb1 Nxc3 17. Nxc3 a4 18. dxc6 Qxc6 19. Nd5 Re8 20. Kb1 $14 {1/2-1/2 Lilja,
R-Brondum,E/Copenhagen 1996/CBM 54 ext (35)}) (10... c6 $5 {[%cal Gb7b5] Tis
move probably te best. Black oranizes counterplay at te queenside.} 11. a3 Rb8
12. Rb1 Nc7 13. Rg1 b5 $1 14. dxc6 bxc4 ({Worth of attention} 14... Qxc6 15.
cxb5 Qa8 16. Bc4 (16. a4 d5 $15) (16. Bg2 Nxb5 $17) 16... Be6 $44 {Black as
stron counterplay in te centre. Moves R1-1 and 2-4 looks strane.}) 15. Nxc4
Qxc6 16. Qxd6 Qxd6 17. Nxd6 $16 {0-1 Navrotescu,C-Vajda,L/Bucharest 1998/CBM
69 (64)}) 11. a3 (11. Rg1 Kh8 (11... Ndc5 12. Nb3 b6 13. Be2 Bd7 14. Nxc5 Nxc5
15. Qd2 $36 {[%cal Ge1c1,Gh3h4]} Kh8 16. O-O-O Rg8 17. h4 f5 18. h5 $16 {
1-0 Fercec,N-Jurkovic,A/Pula 1999/CBM 70 ext (20)}) 12. Be2 Ndc5 13. a3 (13. h4
a4 14. h5 h6 15. Be3 (15. Bxh6 Bxh6 16. g5 Bg7 17. h6 Bd7 18. a3 Qe7 19. Qc2
Bxh6 20. gxh6 Qh4 $132) 15... g5 $14) 13... a4 14. Qc2 f5 15. f3 fxe4 16. Ncxe4
Bd7 17. h4 Rf4 $5 18. h5 $14 {1-0 Hoi,C-Mortensen,E/Copenhagen 1995/EXT 98 (29)
}) 11... f5 12. gxf5 gxf5 13. Rg1 Kh8 14. exf5 e4 $5 $132 (14... Rxf5 $143 15.
Nde4 Rf8 16. b4 $14) 15. Be3 (15. Qc2 Nac5 16. O-O-O (16. Ncxe4 Nxe4 17. Nxe4
Ne5 $44) 16... Nd3+ 17. Bxd3 exd3 18. Qxd3 Nc5 $44) 15... Ne5 $2 $16 {Black
chooses wrong way.} ({Strong was} 15... Nac5 16. Nb5 Qd8 17. b4 Nd3+ 18. Bxd3
exd3 19. Nd4 Ne5 20. Rxg7 (20. bxa5 Bxf5 21. Rxg7 Kxg7 22. Qh5 Qf6 $132) 20...
Kxg7 21. Qh5 Kh8 22. f4 Nd7 (22... Qe7 23. fxe5 Qxe5 24. Qh6 Rxf5 25. b5 (25.
bxa5 c5 26. dxc6 bxc6 $13) 25... Rf6 26. Qg5 Bxh3 27. O-O-O $11) 23. Ne6 Nf6
24. Bd4 $18) 16. Ndxe4 Bxf5 17. Be2 Bg6 $6 (17... Qe7 18. Qd2 $16) 18. Qd2 {
[%cal Ge1c1]} Nf3+ ({Loses} 18... Bxe4 19. Nxe4 Nxc4 {In view of} 20. Bd4 $1
Bxd4 (20... Nxd2 $6 21. Bxg7+ Kg8 22. Bd4+ Qg6 $18) 21. Qxd4+ Ne5 22. Rg4 {
[%csl Re5][%cal Gf2f4,Gd4h8]} Qe7 23. f4 h5 24. Rg5 Rxf4 25. Rxh5+ Kg7 26.
O-O-O $18) ({In case of} 18... a4 19. O-O-O $18 {White has huge advantage, but
probably it was best try for Black.}) 19. Bxf3 Rxf3 20. Ng5 Rxe3+ (20... Rf6
21. Ne6 $18) 21. Qxe3 Nc5 (21... Qxe3+ 22. fxe3 Nc5 23. Ne6 $18) 22. Ne6 Nxe6 (
22... Qf7 23. Nxg7 Qxg7 24. Rd1 Qf6 25. Kf1 Re8 26. Qd4 $18) 23. dxe6 Qc6 24.
e7 $4 {This move probably drops all White's advantage.} ({Wins} 24. Nd5 Re8 (
24... Qxc4 25. Ne7 Be4 26. f3 (26. Rg4 Bxb2 27. Rd1 Bc3+ 28. Rd2 Qd3 29. Qxd3
Bxd3 30. Nd5 Bxd2+ 31. Kxd2 Bf5 32. Rg5 Bxh3 33. e7 Bd7 34. Nf6 Ba4 35. Kd3 c5
36. Ke4 Rc8 37. Rg3 c4 38. Kd4 h5 39. Kc3 h4 40. Re3 $18) 26... Qd4 27. Qxd4
Bxd4 28. Rg4 Bxb2 29. Rxe4 Bxa1 30. Nd5 $18) 25. Rxg6 hxg6 26. Qe4 $18) 24...
Re8 25. Nd5 Qxc4 26. Rd1 Qe4 $4 $18 {Loses by force.} ({Strong was} 26... Qc6
$1 27. Qe6 Qc2 28. Rg4 Bxb2 29. Rf4 Bc3+ 30. Nxc3 Qxc3+ 31. Ke2 Qg7 32. Rf8+
Rxf8 33. exf8=Q+ Qxf8 $44) 27. Qxe4 Bxe4 28. Nxc7 Rxe7 29. Rxd6 h6 30. Ne6 1-0

[Event "DEN-ch"]
[Site "Horsens"]
[Date "2003.04.20"]
[Round "9"]
[White "Palo, Davor"]
[Black "Schandorff, Lars"]
[Result "1/2-1/2"]
[WhiteElo "2483"]
[BlackElo "2563"]
[Annotator "Golod,V"]
[PlyCount "65"]
[EventDate "2003.04.12"]
[EventType "tourn"]
[EventRounds "9"]
[EventCountry "DEN"]
[EventCategory "10"]
[Source "ChessBase"]
[SourceDate "2003.07.25"]

1. d4 Nf6 2. c4 e6 3. Nc3 Bb4 4. Qc2 O-O 5. a3 Bxc3+ 6. Qxc3 b6 7. Bg5 Bb7 8.
f3 h6 9. Bh4 d5 10. e3 Nbd7 11. cxd5 Nxd5 12. Bxd8 Nxc3 13. Bh4 Nd5 14. Bf2 {
In this variation White can hope only for the minimal advantage.} f5 15. Bb5 c6
16. Ba4 $5 {Comments to this part of the game (from 10.e3 to 15...c6) and also:
} (16. Bd3 $5 {you cand find in annotations to game: Schandorff, L-Olafsson,H/
Gentofte,1999/CBM 73(1/2-1/2)(Golod,V)(31)}) {Interestingly,that now Lars
Schandorff playes this position by Black's pieces.} 16... e5 {In my opinion,
it's best move.Besides,the games,which have reached this position were
continued as follows:} (16... b5 $6 {See comments to Lautier,J-Timman,J/Wijk
aan Zee,1994/CBM 39(1/2-1/2)(Chekhov,V)(59)}) (16... Rfd8 $5 {/\17...c5,18...
Rac8. See comments to Gurevich,M-Garcia Ilundain,D/Linares,1995/CBM 51(1-0) 
(Gurevich,M)(32)(Gurevich,M)}) ({and} 16... Rac8 {[%cal Yb6b5,Gc6c5]}) 17. Ne2
Rae8 {Other moves did not meet in this position! Now White has three possible
ways by definition of a position of their king:} 18. O-O-O $6 {This move does
not put the large problems for Black.On this line in database there are only
two games.} (18. Kd2 $5) ({and} 18. O-O) 18... e4 19. Nc3 N7f6 {[%csl Yf6]
[%cal Yf6d5]} ({From my point of view,it was a little better:} 19... Nxc3 20.
bxc3 $140 b5 (20... exf3 $5 21. gxf3 b5 22. Bb3+ Kh8 $11) 21. Bb3+ Kh8 22. fxe4
Rxe4 23. Bc2 Ree8 24. Rhf1 c5 $11 {Ahlander,B-Almasi,Z/Malmo,1994(1/2-1/2)(35)}
) 20. Rhe1 g5 $5 $146 {Black strengthen the pawns structure and,at case,
prepare progress "f4".} ({Were checked in the preceding game:} 20... Rc8 21.
Nxd5 cxd5+ 22. Kd2 Bc6 23. Bb3 Bb5 24. Rc1 Bc4 25. Ba4 {+/=/= Lautier,
J-Timman,J/Wijk aan Zee,1994(1/2-1/2)(82)}) 21. Bc2 ({Leads to equality:} 21.
Nxd5 Nxd5 $8 {[%csl Re8]} 22. Kd2 f4 23. fxe4 Rxe4 {[%csl Rd4,Yd5,Ge4]}) 21...
Kg7 ({Is a possible continuation of the play:} 21... Nxc3 $5 22. bxc3 $140 c5 {
[%csl Rf3]}) 22. Nxd5 (22. Kd2 $143 Nxc3 23. bxc3 exf3 24. gxf3 c5 $36 {
[%csl Gb7,Rf3][%cal Gb7f3]}) 22... cxd5 ({Pretty dubiously:} 22... Nxd5 {
in view of:} 23. fxe4 fxe4 24. Bg3 {[%csl Re4][%cal Gg3e5]}) 23. Bg3 {[%cal
Yg3b8]} Nd7 {[%cal Gf5f4]} 24. f4 {Can it was necessary to decide on the more
active continuation:} (24. fxe4 dxe4 (24... fxe4 $143 25. Kd2 {+/=/=}) 25. d5
$13) 24... Kg6 $11 25. Kd2 Rc8 26. Ba4 Bc6 {Too passively,but reliably.} ({
Leads to more difficult game:} 26... Nf6 {[%cal Gf6h5]} 27. fxg5 $140 hxg5 28.
Rc1 {[%csl Ya4,Gg3]} Ng4 $13 {[%cal Gf5f4]}) 27. Bb3 b5 {[%csl Rc4][%cal Yd7b6,
Yb6c4] Black wants immediately to begin pressure on the queen side,with the
idea to not give a his contender to occupy <-> "c".} 28. Rc1 Nb6 29. Rc5 Nd7
30. Rc3 (30. Rxd5 $2 {is refuted by:} Bxd5 31. Bxd5 Nb6 $17 {[%csl Rd5][%cal
Gb6c4,Gb6d5]}) 30... Nb6 31. Rc5 (31. Rec1 $143 Nc4+ 32. Kc2 Bd7 {[%csl Ya7,
Yb5][%cal Ga7a5,Gb5b4]}) 31... Nd7 32. Rc3 Nb6 33. Rc5 {Drawn game is
inevitable.} 1/2-1/2

[Event "DEN-ch"]
[Site "Horsens"]
[Date "2003.04.13"]
[Round "2"]
[White "Palo, Davor"]
[Black "Pedersen, Nicolai Vesterbaek"]
[Result "1/2-1/2"]
[WhiteElo "2483"]
[BlackElo "2508"]
[PlyCount "109"]
[EventDate "2003.04.12"]
[EventType "tourn"]
[EventRounds "9"]
[EventCountry "DEN"]
[EventCategory "10"]
[Source "ChessBase"]
[SourceDate "2003.07.25"]

1. d4 Nf6 2. Nf3 e6 3. c4 b6 4. g3 Ba6 5. b3 Bb4+ 6. Bd2 Be7 7. Bg2 c6 8. Bc3
d5 9. Ne5 Nfd7 10. Nxd7 Nxd7 11. Nd2 O-O 12. O-O Nf6 13. e4 b5 14. Re1 dxe4 15.
Qc2 Rb8 16. Rad1 Qc8 17. Bf1 bxc4 18. bxc4 c5 19. Nxe4 cxd4 20. Nxf6+ Bxf6 21.
Bxd4 Bb7 22. Bd3 h6 23. Bh7+ Kh8 24. Bxf6 gxf6 25. Be4 f5 26. Bxb7 Rxb7 27. Rd4
Kh7 28. Rh4 Rg8 29. c5 Rc7 30. Rc1 Rc6 31. Qd2 Rg6 32. Qc3 Qd7 33. Rd4 Qe7 34.
Qa3 Rg8 35. Rd6 Rgc8 36. Rxc6 Rxc6 37. Qc3 Qd8 38. Qf3 Qc7 39. Qe3 Qd8 40. Qf3
Qc7 41. Qc3 Qd8 42. Qe5 Kg6 43. a3 Qe7 44. Qd4 Qc7 45. Rc3 Qe7 46. Rc4 Qb7 47.
Qd3 Qe7 48. Qd4 Qb7 49. Qd3 Qe7 50. Qe3 Qb7 51. Rh4 h5 52. Rb4 Qe7 53. Rc4 Qd7
54. Rc1 Qd5 55. Qc3 1/2-1/2

[Event "DEN-ch"]
[Site "Horsens"]
[Date "2003.04.16"]
[Round "5"]
[White "Palo, Davor"]
[Black "Fries Nielsen, Jens Ove"]
[Result "1-0"]
[WhiteElo "2483"]
[BlackElo "2448"]
[PlyCount "161"]
[EventDate "2003.04.12"]
[EventType "tourn"]
[EventRounds "9"]
[EventCountry "DEN"]
[EventCategory "10"]
[Source "ChessBase"]
[SourceDate "2003.07.25"]

1. d4 c5 2. d5 g6 3. e4 Bg7 4. Nc3 d6 5. Nf3 Nf6 6. Be2 O-O 7. O-O Na6 8. Bg5
Nc7 9. a4 h6 10. Bf4 a6 11. Re1 Rb8 12. a5 b5 13. axb6 Rxb6 14. Rb1 Rb4 15. Bd3
Bg4 16. h3 Bxf3 17. Qxf3 Nd7 18. Nd1 Qb8 19. c3 Rb6 20. Qe2 Ne5 21. Bxe5 Bxe5
22. Ne3 Bg7 23. Nc4 Rb5 24. Ra1 Rb7 25. Ra2 Re8 26. Na5 Rb6 27. Nc4 Rb7 28. Rd1
Ra7 29. Na5 Ra8 30. Nc4 Rf8 31. h4 h5 32. Qc2 Qd8 33. Bf1 Ne8 34. g3 Nf6 35.
Bh3 Qb8 36. Rda1 Qb7 37. Bg2 Ng4 38. Na5 Qb6 39. Nc6 Ne5 40. Nxe7+ Kh8 41. Nc6
Nxc6 42. dxc6 a5 43. Qd2 Qc7 44. e5 dxe5 45. Qd7 Qxd7 46. cxd7 Ra7 47. Bc6 Rc7
48. Bb5 Bf6 49. Rxa5 Rb7 50. Bc6 Rxb2 51. Rxc5 Kg7 52. Ra8 Rxa8 53. Bxa8 Rd2
54. Bd5 Bd8 55. c4 Kf6 56. Rc8 Ke7 57. Bc6 f5 58. c5 Rc2 59. Ba4 Ra2 60. Ra8
Ra1+ 61. Kg2 e4 62. Ra6 Bc7 63. Ra7 Bd8 64. Ra8 Rc1 65. c6 Ra1 66. Ra7 Kd6 67.
Ra6 Ke7 68. Ra8 Rc1 69. Rc8 Rc4 70. Bb3 Rc3 71. Bf7 Rc2 72. Kf1 Bb6 73. Bxg6
Rxf2+ 74. Ke1 e3 75. Re8+ Kf6 76. d8=Q+ Bxd8 77. Rxd8 Rc2 78. Bxh5 Rxc6 79. Ke2
Rc3 80. Rd3 Rc2+ 81. Kxe3 1-0